Predrománska a románska sakrálna architektúra

Na minha lista:
Detalhes bibliográficos
Autor principal: Bašo, Mikuláš (Creator)
Formato: Livro
Publicado em: SVŠT v Bratislave, 1990
Assuntos:
Tags: Adicionar Tag
Sem tags, seja o primeiro a adicionar uma tag!

MARC

LEADER 00000nam a22000003a 4500
001 stu122754
005 20150617225858.2
008 060704s1990----------------------------d
040 |a STU  |b slo 
041 0
100 1 |a Bašo, Mikuláš  |4 cre 
245 1 |a Predrománska a románska sakrálna architektúra 
260 |b SVŠT v Bratislave,  |c 1990 
300 |a nestr 
650 7 |a sakrálna architektúra  |2 stusub 
650 7 |a románska architektúra  |2 stusub 
996 |b 284AB00406  |c A*12 V  |l AAKNST  |s P  |a 0  |w stu122754_0001